| Tag |
First Indicator |
Second Indicator |
Subfields |
| LEADER |
00000cam a2200000Ia 4500 |
| 001 |
in00002786840 |
| 005 |
20150922151735.0 |
| 008 |
751210s1969 enkaf c 000 0deng d |
| 015 |
|
|
|a GB70-26121
|
| 035 |
|
|
|a (OCoLC)ocm01887832
|
| 035 |
|
|
|a (OCoLC)1887832
|
| 040 |
|
|
|a VTU
|c VTU
|d OCL
|d GZM
|d UKM
|d HRH
|d OCL
|d TXA
|d UtOrBLW
|
| 049 |
|
|
|a TXAM
|
| 050 |
|
4 |
|a NC242.F7
|b F7
|
| 082 |
0 |
4 |
|a 741.942
|b F862, JF8623c
|
| 090 |
|
|
|a NC242.F7
|b A4 1969
|
| 100 |
1 |
|
|a Fraser, Claud Lovat,
|d 1890-1921.
|
| 245 |
1 |
0 |
|a Claud Lovat Fraser /
|c by Grace Lovat Fraser.
|
| 264 |
|
1 |
|a London :
|b Victoria and Albert Museum,
|c 1969.
|
| 300 |
|
|
|a 29, 40 pages, 1 unnumbered mounted leaf of plates :
|b illustrations (1 color) ;
|c 25 cm.
|
| 336 |
|
|
|a text
|b txt
|2 rdacontent
|
| 337 |
|
|
|a unmediated
|b n
|2 rdamedia
|
| 338 |
|
|
|a volume
|b nc
|2 rdacarrier
|
| 500 |
|
|
|a "Issued on the occasion of the exhibition ... held at the Victoria and Albert Museum 11 September-28 December 1969"--Verso of title page.
|
| 600 |
1 |
0 |
|a Fraser, Claud Lovat,
|d 1890-1921.
|
| 600 |
1 |
0 |
|a Fraser, Claud Lovat,
|d 1890-1921
|v Exhibitions.
|
| 610 |
2 |
0 |
|a Victoria and Albert Museum
|v Exhibitions.
|
| 700 |
1 |
|
|a Fraser, Grace Lovat.
|
| 710 |
2 |
|
|a Victoria and Albert Museum.
|
| 948 |
|
|
|a cataloged
|b h
|c 2012/11/29
|d c
|e junters
|f 11:23:51 am
|
| 994 |
|
|
|a C0
|b TXA
|
| 999 |
|
|
|a MARS
|
| 999 |
f |
f |
|s 2b96cdca-506d-3f68-b86e-30d6245e7cdf
|i a9e92da8-6dd1-331c-879f-035a2954c1dc
|t 0
|
| 952 |
f |
f |
|p noncirc
|a Texas A&M University
|b College Station
|c Cushing Memorial Library & Archives
|d Cushing: Literature/Mitchell (Does not check out)
|t 0
|e NC242.F7 A4 1969
|h Library of Congress classification
|i unmediated -- volume
|
| 998 |
f |
f |
|a NC242.F7 A4 1969
|t 0
|l Cushing: Literature/Mitchell (Does not check out)
|